Statistics for Столицы провинций Нидерландов

Click here to take the quiz!

General Stats

  • This quiz has been taken 51 times
  • The average score is 6 of 12

Answer Stats

ПровинцияСтолица% Correct
1ГелдерландАрнем
75%
2ГронингенГронинген
75%
12Южная ГолландияГаага
75%
3ДрентеАссен
50%
4ЗеландияМидделбург
50%
8Северный БрабантХарлем
50%
9УтрехтУтрехт
50%
5ЛимбургМаастрихт
25%
6ОверэйсселЗволле
25%
7Северная ГолландияХертогенбос
25%
10ФлеволандЛелистад
25%
11ФрисландияЛеуварден
25%

Score Distribution

Percentile by Number Answered

Percent of People with Each Score

Your Score History

You have not taken this quiz